Normal view
MARC view
Entry Topical Term
001 - CONTROL NUMBER
- control field: 68477
003 - CONTROL NUMBER IDENTIFIER
- control field: dpl
005 - DATE AND TIME OF LATEST TRANSACTION
- control field: 20240716125434.0
008 - FIXED-LENGTH DATA ELEMENTS
- fixed length control field: 240716|| aca||aabn | a|a d
040 ## - CATALOGING SOURCE
- Original cataloging agency: dpl
- Transcribing agency: dpl
150 ## - HEADING--TOPICAL TERM
- Topical term or geographic name as entry element: Mithila painting
670 ## - SOURCE DATA FOUND
- Source citation: Work cat.: (dpl)204144: अवधेश अमन 68473, कला में विचार तत्व /, 2021
